[Event "SUI-chT"]
[Site "Switzerland"]
[Date "2015.04.25"]
[Round "2.8"]
[White "Vernay, Clovis"]
[Black "Rindlisbacher, Lars"]
[Result "1/2-1/2"]
[WhiteElo "2394"]
[BlackElo "2305"]
[PlyCount "114"]
[EventDate "2015.03.29"]
[EventType "team-tourn"]
[EventRounds "9"]
[EventCountry "SUI"]
[SourceTitle "EXT 2016"]
[Source "ChessBase"]
[SourceDate "2015.10.08"]
[SourceVersion "1"]
[SourceVersionDate "2015.10.08"]
[SourceQuality "1"]
[WhiteTeam "Geneve"]
[BlackTeam "Zuerich"]
[WhiteTeamCountry "SUI"]
[BlackTeamCountry "SUI"]

1. d4 Nf6 2. c4 e6 3. Nf3 d5 4. e3 c5 5. Be2 Nc6 6. 0-0 Be7 7. dxc5 Bxc5 8. a3 a5 9. Qc2 Qe7 10. Nc3 0-0 11. Rd1 Rd8 12. Bd2 dxc4 13. Bxc4 h6 14. Ne4 Nxe4 15. Qxe4 e5 16. Bc3 Be6 17. Bxe6 Qxe6 18. Nxe5 Bd6 19. f4 Re8 20. Rd5 Bxe5 21. fxe5 f6 22. Rad1 Nxe5 23. Bxe5 fxe5 24. Rd7 Rf8 25. R1d6 Qf5 26. Qxf5 Rxf5 27. Rxb7 Rc8 28. h4 Rc1+ 29. Kh2 Rc4 30. Rd8+ Kh7 31. Rdd7 Rg4 32. Kh3 h5 33. Rf7 Rxf7 34. Rxf7 Re4 35. Rf3 a4 36. g3 Kg6 37. Kg2 Rc4 38. Rf2 e4 39. Kh3 Rc1 40. Rf4 Rc4 41. g4 Rc2 42. Rxe4 Rxb2 43. Rxa4 Rb3 44. Ra6+ Kh7 45. gxh5 Rxe3+ 46. Kg4 Re4+ 47. Kg3 Rc4 48. a4 Rc3+ 49. Kg2 Rc4 50. Kg3 Rc3+ 51. Kf4 Rc4+ 52. Kf5 Rc5+ 53. Kf4 Rc4+ 54. Kg3 Rc3+ 55. Kg2 Rc4 56. Kg3 Rc3+ 57. Kg2 Rc4 1/2-1/2

[Event "Zuerich op-A 38th"]
[Site "Zuerich"]
[Date "2014.12.27"]
[Round "2"]
[White "Bauer, Christian"]
[Black "Rindlisbacher, Lars"]
[Result "1-0"]
[WhiteElo "2647"]
[BlackElo "2289"]
[PlyCount "187"]
[EventDate "2014.12.26"]
[EventType "swiss"]
[EventRounds "7"]
[EventCountry "SUI"]
[SourceTitle "CBM 164 Extra"]
[Source "ChessBase"]
[SourceDate "2015.03.02"]
[SourceVersion "1"]
[SourceVersionDate "2015.03.02"]
[SourceQuality "1"]

1. c4 c5 2. Nc3 Nc6 3. Nf3 e5 4. e3 f5 5. d4 e4 6. d5 exf3 7. dxc6 dxc6 8. Qxd8+ Kxd8 9. gxf3 g6 10. e4 Bd6 11. Be3 Nf6 12. Bg5 Rf8 13. 0-0-0 Kc7 14. Bg2 Nh5 15. Rxd6 Kxd6 16. Rd1+ Ke6 17. e5 Kf7 18. Na4 Re8 19. f4 Kg7 20. Bf3 h6 21. Bh4 Nxf4 22. Bf6+ Kg8 23. Nxc5 Ne6 24. Nd7 Nf8 25. Nxf8 Kxf8 26. Rg1 Kf7 27. h4 Be6 28. Be2 Rac8 29. f4 h5 30. b3 c5 31. Bf3 b6 32. Kc2 Rc7 33. Bxh5 Rg8 34. Bf3 Rd7 35. Bg5 Rh8 36. Rh1 Kf8 37. Rd1 Rxd1 38. Kxd1 Rh7 39. Kc2 Rd7 40. Kc3 Rd4 41. a4 Ke8 42. Bc6+ Kf7 43. Bf3 Kf8 44. h5 gxh5 45. Bxh5 a6 46. Be2 Ke8 47. Bf3 Kd7 48. Bb7 a5 49. Bf3 Kc7 50. Be2 Rd7 51. Bf3 Rh7 52. Bd5 Rh3+ 53. Kc2 Kd7 54. Bf6 Re3 55. Bb7 Bf7 56. Bd5 Be6 57. Bb7 Re1 58. Bg5 Bf7 59. Bd5 Bxd5 60. cxd5 Re4 61. Bf6 Rxf4 62. e6+ Kd6 63. Be5+ Kxe5 64. e7 Kxd5 65. e8Q Rb4 66. Qf7+ Ke5 67. Kd3 Rd4+ 68. Kc3 Rb4 69. Qe7+ Kf4 70. Qf6 Kg4 71. Qg6+ Kf4 72. Qe6 Kg4 73. Qf7 Kf4 74. Kd3 Rd4+ 75. Ke2 Rb4 76. Kf2 Ke5 77. Qe7+ Kf4 78. Qe3+ Kg4 79. Qg3+ Kh5 80. Qg7 Rf4+ 81. Ke3 Rb4 82. Kf3 Re4 83. Qf6 Rb4 84. Qxf5+ Kh6 85. Qf6+ Kh5 86. Kg3 Rg4+ 87. Kf3 Rb4 88. Qe6 Kg5 89. Qf7 Kh6 90. Qg8 Kh5 91. Qg7 Rxb3+ 92. Kf4 Rb4+ 93. Kf5 Kh4 94. Qg2 1-0

[Event "Wch U18"]
[Site "Durban"]
[Date "2014.09.25"]
[Round "7"]
[White "Rindlisbacher, Lars"]
[Black "Ruiz Castillo, Joshua Daniel"]
[Result "0-1"]
[WhiteElo "2336"]
[BlackElo "2395"]
[PlyCount "108"]
[EventDate "2014.09.20"]
[EventType "swiss"]
[EventRounds "11"]
[EventCountry "RSA"]
[SourceTitle "CBM 162 Extra"]
[Source "ChessBase"]
[SourceDate "2014.10.17"]
[SourceVersion "1"]
[SourceVersionDate "2014.10.17"]
[SourceQuality "1"]

1. e4 c5 2. Nf3 d6 3. d4 cxd4 4. Nxd4 Nf6 5. Nc3 a6 6. Be3 e5 7. Nb3 Be6 8. Qd2 Nbd7 9. 0-0-0 b5 10. f4 Rc8 11. Kb1 Qc7 12. h3 h5 13. Bd3 h4 14. Rhe1 Be7 15. Nd5 Bxd5 16. exd5 Kf8 17. Bf5 Rh5 18. Bxd7 Nxd7 19. g4 exf4 20. Bxf4 Rh8 21. g5 Nb6 22. Nd4 Kg8 23. Nc6 Bf8 24. g6 Rh5 25. Qe2 fxg6 26. Qg4 Qf7 27. Be3 Rxd5 28. Rxd5 Qxd5 29. Na5 Rb8 30. Bxb6 Rxb6 31. Qxh4 Qg2 32. Qd8 Qf2 33. Rh1 b4 34. Nc4 Rb5 35. Nxd6 Rh5 36. Rd1 Rd5 37. Ne4 Rxd8 38. Nxf2 Re8 39. Kc1 Bc5 40. Nd3 Be3+ 41. Kb1 a5 42. Re1 g5 43. Re2 Kf7 44. c3 bxc3 45. bxc3 Kf6 46. Ne1 Rb8+ 47. Kc2 Ba7 48. Nf3 Rb5 49. c4 Rf5 50. Nd2 Rf4 51. c5 Bxc5 52. Ne4+ Kf5 53. Nxc5 Rc4+ 54. Kd2 Rxc5 0-1

[Event "Wch U18"]
[Site "Durban"]
[Date "2014.09.23"]
[Round "5"]
[White "Rindlisbacher, Lars"]
[Black "Yurtseven, Melih"]
[Result "1-0"]
[WhiteElo "2336"]
[BlackElo "2208"]
[PlyCount "69"]
[EventDate "2014.09.20"]
[EventType "swiss"]
[EventRounds "11"]
[EventCountry "RSA"]
[SourceTitle "CBM 162 Extra"]
[Source "ChessBase"]
[SourceDate "2014.10.17"]
[SourceVersion "1"]
[SourceVersionDate "2014.10.17"]
[SourceQuality "1"]

1. d4 Nf6 2. Nf3 c5 3. d5 e6 4. c4 exd5 5. cxd5 g6 6. Nc3 d6 7. Nd2 Bg7 8. e4 0-0 9. Be2 Re8 10. 0-0 Nbd7 11. Qc2 Ne5 12. b3 h5 13. Bb2 Bg4 14. f3 Bd7 15. a4 h4 16. f4 Neg4 17. Nc4 Nh5 18. e5 dxe5 19. f5 gxf5 20. Rxf5 e4 21. Bxg4 Bd4+ 22. Kh1 Bxf5 23. Bxf5 Qg5 24. Rf1 e3 25. Ne2 Bxb2 26. Qxb2 Rad8 27. d6 Ng7 28. Bc2 Ne6 29. Ne5 Nd4 30. Bh7+ Kg7 31. Rxf7+ Kh6 32. Nxd4 Rxe5 33. Nf5+ Rxf5 34. Bxf5 Qf4 35. Qe2 1-0

[Event "Biel MTO op 47th"]
[Site "Biel"]
[Date "2014.07.25"]
[Round "11"]
[White "Rindlisbacher, Lars"]
[Black "Kovacevic, Aleksandar"]
[Result "1/2-1/2"]
[WhiteElo "2332"]
[BlackElo "2564"]
[PlyCount "64"]
[EventDate "2014.07.14"]
[EventType "swiss"]
[EventRounds "11"]
[EventCountry "SUI"]
[SourceTitle "CBM 161 Extra"]
[Source "ChessBase"]
[SourceDate "2014.08.29"]
[SourceVersion "1"]
[SourceVersionDate "2014.08.29"]
[SourceQuality "1"]

1. e4 e6 2. d4 d5 3. Nd2 c5 4. exd5 Qxd5 5. Ngf3 cxd4 6. Bc4 Qd7 7. 0-0 Nc6 8. Nb3 Nf6 9. Nbxd4 Nxd4 10. Qxd4 Qxd4 11. Nxd4 Bd7 12. Bf4 Rc8 13. Bb3 Bc5 14. Rad1 0-0 15. Nf3 Bb5 16. Rfe1 Rfd8 17. c3 Rxd1 18. Rxd1 Kf8 19. Ne5 Ke7 20. a4 Be8 21. Kf1 a5 22. Nc4 Nd5 23. Bg3 Ra8 24. Bh4+ f6 25. Re1 Kf7 26. Bg3 b5 27. Nd6+ Bxd6 28. Bxd5 exd5 29. Bxd6 bxa4 30. Re7+ Kg6 31. Ke2 Bb5+ 32. Ke3 Re8 1/2-1/2

[Event "Biel MTO op 47th"]
[Site "Biel"]
[Date "2014.07.22"]
[Round "8"]
[White "Ganguly, Surya Shekhar"]
[Black "Rindlisbacher, Lars"]
[Result "1-0"]
[WhiteElo "2619"]
[BlackElo "2332"]
[PlyCount "57"]
[EventDate "2014.07.14"]
[EventType "swiss"]
[EventRounds "11"]
[EventCountry "SUI"]
[SourceTitle "CBM 161 Extra"]
[Source "ChessBase"]
[SourceDate "2014.08.29"]
[SourceVersion "1"]
[SourceVersionDate "2014.08.29"]
[SourceQuality "1"]

1. e4 e5 2. Nf3 Nc6 3. Bc4 Bc5 4. b4 Bxb4 5. c3 Be7 6. d4 Na5 7. Bd3 d6 8. dxe5 dxe5 9. Nxe5 Nf6 10. 0-0 0-0 11. Qc2 c6 12. Nd2 Qc7 13. f4 b6 14. Bb2 Nb7 15. Nb3 Nc5 16. Nxc5 Bxc5+ 17. Kh1 Be6 18. Rae1 Rad8 19. Bc1 Rfe8 20. Nf3 Ng4 21. Nd4 Bxd4 22. cxd4 f5 23. d5 Bf7 24. e5 Rxd5 25. Bxf5 Bg6 26. Bxg6 hxg6 27. Qxg6 Qc8 28. h3 Nh6 29. f5 1-0

[Event "Biel MTO op 47th"]
[Site "Biel"]
[Date "2014.07.15"]
[Round "2"]
[White "Bok, Benjamin"]
[Black "Rindlisbacher, Lars"]
[Result "1-0"]
[WhiteElo "2586"]
[BlackElo "2332"]
[PlyCount "43"]
[EventDate "2014.07.14"]
[EventType "swiss"]
[EventRounds "11"]
[EventCountry "SUI"]
[SourceTitle "CBM 161 Extra"]
[Source "ChessBase"]
[SourceDate "2014.08.29"]
[SourceVersion "1"]
[SourceVersionDate "2014.08.29"]
[SourceQuality "1"]

1. e4 e5 2. Nf3 Nc6 3. Bc4 Bc5 4. 0-0 Nf6 5. d3 h6 6. c3 Bb6 7. Nbd2 d6 8. Bb3 Be6 9. Nc4 Qd7 10. a4 g5 11. Ba2 Bxc4 12. Bxc4 0-0-0 13. b4 a5 14. Bb5 g4 15. Nd2 d5 16. bxa5 Bxa5 17. Qc2 Qe6 18. Nb3 b6 19. Ba3 h5 20. f4 dxe4 21. f5 Qd7 22. dxe4 1-0

[Event "Mitropa Cup 33rd"]
[Site "Ruzomberok"]
[Date "2014.05.26"]
[Round "4.3"]
[White "Rindlisbacher, Lars"]
[Black "Jurcik, Marian"]
[Result "0-1"]
[WhiteElo "2348"]
[BlackElo "2469"]
[PlyCount "114"]
[EventDate "2014.05.23"]
[EventType "team-tourn"]
[EventRounds "9"]
[EventCountry "SVK"]
[SourceTitle "CBM 160 Extra"]
[Source "ChessBase"]
[SourceDate "2014.07.01"]
[SourceVersion "1"]
[SourceVersionDate "2014.07.01"]
[SourceQuality "1"]
[WhiteTeam "Switzerland"]
[BlackTeam "Slovakia"]
[WhiteTeamCountry "SUI"]
[BlackTeamCountry "SVK"]

1. d4 Nf6 2. c4 b6 3. Nf3 Bb7 4. e3 g6 5. Nc3 Bg7 6. b3 0-0 7. Bb2 d5 8. cxd5 Nxd5 9. Nxd5 Qxd5 10. Qd2 c5 11. Rd1 Rd8 12. Be2 Nc6 13. 0-0 cxd4 14. exd4 e6 15. Bc4 Qh5 16. d5 Bxb2 17. Qxb2 exd5 18. Bb5 d4 19. Bxc6 Bxc6 20. Nxd4 Bb7 21. f3 Qc5 22. b4 Qc4 23. Rd2 Rac8 24. Re1 Re8 25. Rxe8+ Rxe8 26. Kf2 Qc7 27. Re2 Rd8 28. Nb5 Qf4 29. Nc3 Qxh2 30. a3 Qh4+ 31. Kf1 Qh1+ 32. Kf2 Qh4+ 33. Kf1 Qc4 34. Ke1 Qd4 35. Kf1 Rc8 36. Nb1 Qxb2 37. Rxb2 h5 38. Kf2 Bd5 39. Ke3 Kg7 40. Kd4 Rd8 41. Ke3 Rc8 42. Kd4 Rd8 43. Ke3 Kf6 44. Nc3 Bc4 45. Ne4+ Ke5 46. Nf2 g5 47. g3 Rd4 48. Rb1 f5 49. f4+ gxf4+ 50. gxf4+ Rxf4 51. Rh1 h4 52. Rd1 h3 53. Nxh3 Rg4 54. Ng1 Bd5 55. Ne2 f4+ 56. Kd2 Rg2 57. Ke1 Bf3 0-1

[Event "Mitropa Cup 33rd"]
[Site "Ruzomberok"]
[Date "2014.05.23"]
[Round "1.2"]
[White "Hera, Imre Jr"]
[Black "Rindlisbacher, Lars"]
[Result "1/2-1/2"]
[WhiteElo "2559"]
[BlackElo "2348"]
[PlyCount "51"]
[EventDate "2014.05.23"]
[EventType "team-tourn"]
[EventRounds "9"]
[EventCountry "SVK"]
[SourceTitle "CBM 160 Extra"]
[Source "ChessBase"]
[SourceDate "2014.07.01"]
[SourceVersion "1"]
[SourceVersionDate "2014.07.01"]
[SourceQuality "1"]
[WhiteTeam "Hungary"]
[BlackTeam "Switzerland"]
[WhiteTeamCountry "HUN"]
[BlackTeamCountry "SUI"]

1. d4 Nf6 2. c4 e6 3. Nf3 d5 4. g3 dxc4 5. Bg2 a6 6. 0-0 Nc6 7. Bg5 Be7 8. e3 Bd7 9. Nbd2 b5 10. Bxf6 gxf6 11. b3 cxb3 12. Nxb3 Rb8 13. d5 Ne5 14. Nxe5 fxe5 15. dxe6 Bxe6 16. Qh5 Bd6 17. f4 Qf6 18. fxe5 Qxe5 19. Bc6+ Ke7 20. Qh4+ f6 21. Nd4 Rb6 22. Bg2 Bd7 23. Nf3 Qf5 24. Nd4 Qe5 25. Nf3 Qf5 26. Nd4 1/2-1/2

[Event "Wch U18"]
[Site "Al Ain"]
[Date "2013.12.19"]
[Round "2"]
[White "Gabuzyan, Hovhannes"]
[Black "Rindlisbacher, Lars"]
[Result "1-0"]
[WhiteElo "2532"]
[BlackElo "2345"]
[PlyCount "68"]
[EventDate "2013.12.18"]
[EventType "swiss"]
[EventRounds "11"]
[EventCountry "UAE"]
[SourceTitle "CBM 158 Extra"]
[Source "ChessBase"]
[SourceDate "2014.02.28"]
[SourceVersion "1"]
[SourceVersionDate "2014.02.28"]
[SourceQuality "1"]

1. c4 c5 2. Nf3 Nc6 3. g3 e5 4. Nc3 g6 5. Bg2 Bg7 6. h4 Nf6 7. d3 d6 8. Bg5 h6 9. Bxf6 Bxf6 10. h5 g5 11. Nd2 Bg7 12. Qa4 0-0 13. Nd5 Rb8 14. Rb1 a6 15. e3 b5 16. Qc2 Ne7 17. a3 Be6 18. b4 Qd7 19. 0-0 Rfc8 20. Nxe7+ Qxe7 21. Rfc1 cxb4 22. axb4 bxc4 23. dxc4 d5 24. c5 Qa7 25. e4 d4 26. Nc4 Bxc4 27. Qxc4 Bf8 28. Ra1 Qb7 29. Rcb1 Qb5 30. Qxb5 axb5 31. Bf1 Rc7 32. Ra6 Kg7 33. Rba1 Be7 34. Be2 Bf8 1-0

[Event "EU-ch U18 23rd"]
[Site "Budva"]
[Date "2013.10.06"]
[Round "7"]
[White "Rindlisbacher, Lars"]
[Black "Monjac, Mislav"]
[Result "0-1"]
[WhiteElo "2340"]
[BlackElo "2147"]
[PlyCount "123"]
[EventDate "2013.09.29"]
[EventType "swiss"]
[EventRounds "9"]
[EventCountry "MNE"]
[SourceTitle "CBM 156 Extra"]
[Source "ChessBase"]
[SourceDate "2013.10.22"]
[SourceVersion "1"]
[SourceVersionDate "2013.10.22"]
[SourceQuality "1"]

1. d4 Nf6 2. c4 e6 3. Nf3 c5 4. d5 d6 5. Nc3 exd5 6. cxd5 g6 7. Nd2 Bg7 8. e4 0-0 9. Be2 Re8 10. 0-0 Na6 11. a3 Nc7 12. Qc2 Rb8 13. Rb1 b5 14. b4 c4 15. a4 a6 16. Bb2 Qe7 17. Rbe1 Bd7 18. a5 Ng4 19. Bxg4 Bxg4 20. f3 Bd7 21. Ne2 f5 22. Bxg7 Qxg7 23. Nb1 fxe4 24. fxe4 Rf8 25. Qd2 Rxf1+ 26. Rxf1 Rf8 27. Rxf8+ Kxf8 28. Nbc3 Ke7 29. Qg5+ Qf6 30. Qh6 Qh8 31. Qh4+ Ke8 32. h3 Qg7 33. Qf2 Kd8 34. Qb6 Qf6 35. Nd4 Kc8 36. Nc6 Bxc6 37. dxc6 Qe6 38. Kh1 h5 39. Kg1 g5 40. Kh1 g4 41. h4 g3 42. Kg1 Qg4 43. Kf1 Kd8 44. Qb8+ Qc8 45. Qxc8+ Kxc8 46. Ke2 Ne6 47. Nd5 Nd4+ 48. Ke3 Nxc6 49. Kf4 Kd7 50. Kg5 Ke6 51. Kxh5 Ke5 52. Kg5 Kxe4 53. Nc3+ Kd3 54. Na2 Ke3 55. Kg4 Kf2 56. Kh3 d5 57. h5 d4 58. h6 Ne7 59. Kg4 Ng6 60. Kh3 Nh8 61. h7 Nf7 62. Nc1 0-1

[Event "EU-ch U18 23rd"]
[Site "Budva"]
[Date "2013.10.03"]
[Round "5"]
[White "Rindlisbacher, Lars"]
[Black "Maatman, Nick"]
[Result "1-0"]
[WhiteElo "2340"]
[BlackElo "2236"]
[PlyCount "71"]
[EventDate "2013.09.29"]
[EventType "swiss"]
[EventRounds "9"]
[EventCountry "MNE"]
[SourceTitle "CBM 156 Extra"]
[Source "ChessBase"]
[SourceDate "2013.10.22"]
[SourceVersion "1"]
[SourceVersionDate "2013.10.22"]
[SourceQuality "1"]

1. d4 Nf6 2. c4 g6 3. Nc3 Bg7 4. e4 d6 5. Nf3 0-0 6. Be2 e5 7. 0-0 Nc6 8. d5 Ne7 9. b4 a5 10. Ba3 b6 11. bxa5 Nh5 12. Re1 f5 13. Bb4 bxa5 14. Ba3 Nf4 15. h3 Nxe2+ 16. Qxe2 Ba6 17. Ng5 Qd7 18. Ne6 Rfb8 19. Rab1 c6 20. Nxg7 Kxg7 21. dxc6 Nxc6 22. exf5 gxf5 23. f4 Rxb1 24. Rxb1 Qa7+ 25. Kh1 Qd4 26. Nb5 Qxf4 27. Rf1 Qe4 28. Qh5 Bxb5 29. Qg5+ Kh8 30. Qf6+ Kg8 31. cxb5 Nd4 32. Bxd6 Re8 33. Qg5+ Kh8 34. Be7 Rxe7 35. Qxe7 Kg8 36. Rc1 1-0

[Event "EU-ch U18 23rd"]
[Site "Budva"]
[Date "2013.10.02"]
[Round "4"]
[White "Salles, Louis"]
[Black "Rindlisbacher, Lars"]
[Result "1-0"]
[WhiteElo "2224"]
[BlackElo "2340"]
[PlyCount "59"]
[EventDate "2013.09.29"]
[EventType "swiss"]
[EventRounds "9"]
[EventCountry "MNE"]
[SourceTitle "CBM 156 Extra"]
[Source "ChessBase"]
[SourceDate "2013.10.22"]
[SourceVersion "1"]
[SourceVersionDate "2013.10.22"]
[SourceQuality "1"]

1. d4 Nf6 2. c4 e6 3. g3 d5 4. Nf3 dxc4 5. Bg2 a6 6. 0-0 Nc6 7. Nc3 Rb8 8. e4 Be7 9. Qe2 Nxd4 10. Nxd4 Qxd4 11. Rd1 Qc5 12. e5 Nd7 13. Ne4 Qb5 14. Bf4 c3 15. Qxb5 axb5 16. bxc3 Nb6 17. Rab1 Bd7 18. Bf1 Ra8 19. Bxb5 Bxb5 20. Rxb5 Ra4 21. Nd6+ Kf8 22. Be3 Nd5 23. Rxb7 g5 24. Rxd5 Bxd6 25. exd6 exd5 26. dxc7 Ra8 27. Bd4 Rg8 28. Bf6 Ke8 29. Rb8+ Kd7 30. Rd8+ 1-0

[Event "Zug Young Masters 13th"]
[Site "Zug"]
[Date "2013.09.04"]
[Round "9"]
[White "Svetushkin, Dmitry"]
[Black "Rindlisbacher, Lars"]
[Result "1-0"]
[WhiteElo "2608"]
[BlackElo "2314"]
[PlyCount "45"]
[EventDate "2013.08.27"]
[EventType "tourn"]
[EventRounds "9"]
[EventCountry "SUI"]
[EventCategory "9"]
[SourceTitle "CBM 156 Extra"]
[Source "ChessBase"]
[SourceDate "2013.10.22"]
[SourceVersion "1"]
[SourceVersionDate "2013.10.22"]
[SourceQuality "1"]

1. e4 e5 2. Nf3 Nc6 3. Bb5 a6 4. Ba4 Nf6 5. 0-0 Be7 6. Re1 b5 7. Bb3 0-0 8. d3 d6 9. a3 Bg4 10. c3 d5 11. h3 dxe4 12. hxg4 exf3 13. g5 Ne8 14. Qxf3 Na5 15. Ba2 Nd6 16. b4 Nab7 17. Rxe5 Kh8 18. Bd5 f6 19. g6 fxe5 20. Qh5 h6 21. Bxh6 Nf5 22. Bg5+ Nh6 23. Bxh6 1-0

[Event "Zug Young Masters 13th"]
[Site "Zug"]
[Date "2013.08.28"]
[Round "2"]
[White "Rindlisbacher, Lars"]
[Black "Grandadam, Nicolas"]
[Result "1/2-1/2"]
[WhiteElo "2314"]
[BlackElo "2309"]
[PlyCount "53"]
[EventDate "2013.08.27"]
[EventType "tourn"]
[EventRounds "9"]
[EventCountry "SUI"]
[EventCategory "9"]
[SourceTitle "CBM 156 Extra"]
[Source "ChessBase"]
[SourceDate "2013.10.22"]
[SourceVersion "1"]
[SourceVersionDate "2013.10.22"]
[SourceQuality "1"]

1. d4 d5 2. c4 e6 3. Nf3 Nf6 4. e3 a6 5. Nbd2 c5 6. cxd5 Nxd5 7. Be2 Nc6 8. Nb3 cxd4 9. Nbxd4 Bb4+ 10. Bd2 Nxd4 11. Nxd4 Qa5 12. Nb3 Bxd2+ 13. Qxd2 Qxd2+ 14. Nxd2 Bd7 15. Nc4 Ke7 16. Bf3 Bc6 17. Na5 Rac8 18. Rc1 Bb5 19. Kd2 Rcd8 20. Nxb7 Nb4+ 21. Nxd8 Rxd8+ 22. Kc3 Nxa2+ 23. Kc2 Ba4+ 24. Kb1 Nxc1 25. Kxc1 Rc8+ 26. Kb1 Bc2+ 27. Ka1 1/2-1/2

[Event "Mare di Fano op 2nd"]
[Site "Fano"]
[Date "2013.08.01"]
[Round "5"]
[White "Rindlisbacher, Lars"]
[Black "Shytaj, Luca"]
[Result "1/2-1/2"]
[WhiteElo "2315"]
[BlackElo "2456"]
[PlyCount "58"]
[EventDate "2013.07.29"]
[EventType "swiss"]
[EventRounds "9"]
[EventCountry "ITA"]
[SourceTitle "EXT 2015"]
[Source "ChessBase"]
[SourceDate "2014.11.20"]
[SourceVersion "1"]
[SourceVersionDate "2014.11.20"]
[SourceQuality "1"]

1. d4 Nf6 2. c4 e6 3. Nf3 b6 4. e3 Bb7 5. Bd3 d5 6. 0-0 Nbd7 7. b3 Bd6 8. Bb2 Ne4 9. Nbd2 0-0 10. Ne5 Bxe5 11. dxe5 Ndc5 12. Nxe4 dxe4 13. Bc2 Qg5 14. Qd4 Rfd8 15. Qc3 Nd3 16. Rad1 c5 17. Rd2 Rd7 18. f4 Qg6 19. g3 Rad8 20. Rg2 Qg4 21. a3 a5 22. Bc1 Qh3 23. Bd2 g6 24. Bb1 Bc6 25. a4 h5 26. Bc2 Nb4 27. Bc1 Kg7 28. Qa1 Nd3 29. Qc3 Kf8 1/2-1/2